Quizzes
Events
Quiz Creation
Community
Videos
Private Events
Remove Ads
Sign In
Join for FREE
Feedback
Dark Mode
Quiz Categories
Sports
Geography
Music
Movies
Television
Just For Fun
Miscellaneous
History
Literature
Language
Science
Gaming
Entertainment
Religion
Holiday
For Kids
Quiz Lab
Recent
Popular Today
Quiz Kudos Today
Editor Picks
Curator Picks
Quizzes by...
Day
Popularity
Type
Ratings
Length
Year
Community
Subscriptions
Recent Discussions
Orange Saloon
Badges
Playlists
Quests
Create
Leaderboards
Showdown
Live 5
Trivia Bingo
Activity
Puzzle Library
Sporcle Events
Private Events
Virtual Trivia
Globe League
Become a Host
Pub Owners
SporcleCon
Opinionation
Our Games
Videos
Blog
Mobile Apps
Partnerships
Remove Ads and Go Orange
Feedback
Entertainment
Celebrity
Famous
Musical
Broadway
Show
Quote
Comic Books
Anime
Superhero
DC Comics
Marvel
Cartoons
Animation
Entertainment
Celebrity
Famous
Musical
Broadway
Show
Quote
Comic Books
Anime
Superhero
DC Comics
Marvel
Cartoons
Animation
Random Quiz
Search Sporcle
×
Quiz Lab
Quiz Lab
Entertainment
issue
Type in answers that appear in a list
Type in answers that appear in a list
Classic
Best Score? Go Orange.
Can you name Members of Squadron Supreme Stats
Can you name the Can you name Members of Squadron Supreme?
By
TheMoish
10m
23 Questions
84 Plays
84 Plays
84 Plays
Comments
Comments
Give Quiz Kudos
Give Quiz Kudos
-
- Ratings
hide this ad
Replay
Link that replays current quiz
Next Quiz
Link to next quiz in quiz playlist
You Got
0%
They Got
Avg Score
67%
Avg Friend Score
Upgrade to see
Score Distribution
Jump to the score distribution portion of the page
Score
0/23
Timer
10:00
0
Plays Today
Issue Joined
Member
% Correct
Avengers #85 (Feb. 1971)
Nighthawk
97.6%
Avengers #85 (Feb. 1971)
Hyperion
96.4%
Avengers #85 (Feb. 1971)
Doctor Spectrum
91.7%
Defenders #112 (Oct. 1982)
Power Princess
90.5%
Avengers #85 (Feb. 1971)
Whizzer
85.7%
Avengers #85 (Feb. 1971)
Tom Thumb
78.6%
Squadron Supreme #6
Shape
73.8%
Defenders #112 (Oct. 1982)
Moonglow
72.6%
Avengers #85 (Feb. 1971)
Golden Archer
70.2%
Avengers #85 (Feb. 1971)
Skylark
70.2%
Defenders #112 (Oct. 1982)
Nuke
70.2%
Avengers #145 (Mar. 1976)
Amphibian
66.7%
Issue Joined
Member
% Correct
Avengers #85 (Feb. 1971)
Blue Eagle
65.5%
Squadron Supreme #12
Redstone
61.9%
Squadron Supreme #6
Ape-X
60.7%
Squadron Supreme #12
Haywire
54.8%
Squadron Supreme #1 (flashback) (Aug. 1985)
Skymax
51.2%
Squadron Supreme #6
Foxfire
51.2%
Squadron Supreme #6
Lamprey
50%
Squadron Supreme #10
Inertia
50%
Squadron Supreme #6
Quagmire
48.8%
Squadron Supreme #10
Thermite
48.8%
Squadron Supreme #6
Doctor Decibel
45.2%
Quiz Playlist
Details
Report
Send in Message
Add To Playlist
Classic:
Type in answers that appear in a list
Last Updated: Feb 16, 2017
Quiz Scoreboard
CHALLENGE
Sign Up to Join the Scoreboard
Show All
Scores
Hide
Comments
May contain spoilers
Recently Published
Presidents Visiting Landmarks
by Hejman
History
7m
An Introduction to Baseball
by treessimontrees
Sports
5m
Movies - When Are They Set?
by FPL_Elf
Movies
5m
More to Explore
Quiz From the Vault
Featured Blog Post
Where Did the Easter Bunny Come From?
hide this ad
You Might Also Like...
Tags
issue
Joined
Squadron
supreme
Today's Top Quizzes in Entertainment
Browse Entertainment
hide this ad
Today's Top Quizzes in issue
Browse issue
Top Contributed Quizzes in Entertainment
1
7-to-1: DC Comics Villains
2
Marvel Characters Bunker
3
Eurovision 2023 Logic Puzzle
4
Kamen Rider Motifs
5
Dragon Ball Z: Goku's Fights in Order
6
Criteria Quickie: Cartoon Taxonomy II
7
Fictional Villains Letter U Blitz
8
Dragon Ball Z: Mega Character Search
9
Sorting Pictures: Villains
10
Mini Trivia Sudoku: Musicals
Explore More
Trending Topics
NBA
Kpop
Anime
Harry Potter
Crossword
Marvel
Disney
Soccer
The Office
Pokémon
Puzzle
Song
NFL
WWE
Country
hide this ad
More By:
TheMoish
Quiz
Plays
Rating
Category
Featured
Created
Can you name Members of Squadron Supreme
84
Entertainment
Jan 30, 2010
Go to Creator's Profile
Score Distribution
Quiz Creator Spotlight
TheMoish
Follow
Send a Message
Quizzes Created
-
Created Quiz Play Count
-
More By This Creator
Popular Quizzes Today
1
Find the US States - No Outlines Minefield
2
Find the Countries of Europe - No Outlines Minefield
3
The Countries of the World
4
Find the US States
5
Popular People in 1961
6
US States
7
Risky Map Clicking: Biggest States A-Z
8
Movies - When Are They Set?
More Entertainment Quizzes
1970s Tony Awards Musicals
Quiz Lab
Trending Quizzes
Risky Map Clicking: Least Populous States A-Z
1-10 Letter G Words
1-10 Letter F Words
Risky Map Clicking: Next State Alphabetically
Risky Map Clicking: Biggest States A-Z
Recently Updated
Leaping Animals
pecheneg
Reality TV Shows (A-Z)
bhenderson79
Rickey Henderson's Hall of Fame Teammates
pecheneg
Champions League XIs: Arsenal
pecheneg
Quick Pick: Celebrities in WWE's Hall of Fame
aduchscher
A-Z Keypad Blitz II
pecheneg
Multiple Oscar Actors
pecheneg
Mystery Phrase Blitz: Oscar 'Best Actors'
pecheneg
F. Scott Fitzgerald Novels
LTH
Pick 3 Villains
ddd62291
Trending Topics
Harry Potter
NBA
Crossword
Marvel
Kpop
Anime
Disney
Puzzle
Country
NFL
Pokémon
The Office
Soccer
Song
WWE
Your Account Isn't Verified!
In order to create a playlist on Sporcle, you need to verify the email address you used during registration. Go to your
Sporcle Settings
to finish the process.
Report this User
Report this user for behavior that violates our
Community Guidelines
.
Details:
Send Report
Go to the Sporcle.com Mobile Site →
Comments